02787cam a2200577 i 4500001001200000003000600012005001700018008004100035020004800076035002200124035002300146040007900169041001300248045001700261046000900278100004800287240004200335245026800377260011000645300004400755336002700799337005400826338002800880380001600908380002300924388001000947490009200957500011601049504004601165648002601211648002601237650005401263650003301317650003001350650004301380650006201423650005401485651002301539651002301562651006801585655002701653658001301680658003701693700005601730710013401786830006901920920005001989942001502039999001702054952013802071xx004985978NUKAT20260424130044.0201102s2020 pl a |001 0 pol c a9788380981997q(oprawa twarda) :czł 40,00 a(OCoLC)1225231509 a(NUKAT)xx004985978 aKAT U/MPbpolerdacKAT U/MPsdKAT U/MPdWR O/GWdWA 14/ABsdOLSZT 008/bak1 apolhger2 bd1939bd1945 k20141 aBecker, Maximiliand(1980- ).eAutor94047610aMitstreiter im Volkstumskampfl(pol.)10aSądownictwo niemieckie i jego rola w polityce okupacyjnej na ziemiach polskich wcielonych do Rzeszy 1939-1945 /cMaximilian Becker ; tłumaczenie Wieńczysław Niemirowski ; Instytut Pamięci Narodowej. Komisja Ścigania Zbrodni przeciwko Narodowi Polskiemu. aWarszawa :bInstytut Pamięci Narodowej. Komisja Ścigania Zbrodni przeciwko Narodowi Polskiemu,c2020. a382, [1] strona :bilustracje ;c25 cm. aTekstbtxt2rdacontent aBez urządzenia pośredniczącegobn2rdamedia aWoluminbnc2rdacarrier aKsiążki aPublikacje naukowe1 a2001-1 aCentalny Projekt Badawczy IPN Losy Polski i jej Obywateli w Latach II Wojny Światowej aTytuł oryginału: Mitstreiter im Volkstumskampf :Deutsche Justiz in den eingegliederten Ostgebieten 1939-1945. aBibliografia na stronach 339-374. Indeks. 7a1901-20002DBN934996 7a1939-19452DBN936042 7aOkupacja niemiecka Polski (1939-1945)2DBN936756 7aPrześladowanie2DBN937303 7aSądownictwo2DBN936270 7aTrzecia Rzesza (1933-1945)2DBN940162 7aWymiar sprawiedliwościzPolskay1900-1945.2kaba940477 7aNazizm i sprawiedliwośćzPolska.2kaba940478 7aNiemcy2DBN935243 7aPolska2DBN935076 7aPolskay1939-1945 (Okupacja niemiecka i sowiecka).2kaba913202 7aMonografia2DBN935240 aHistoria aPrawo i wymiar sprawiedliwości1 aNiemirowski, Wieńczysław A.eTłumaczenie9404752 aInstytut Pamięci Narodowej - Komisja Ścigania Zbrodni przeciwko Narodowi Polskiemu.eInstytucja sprawczaeWydawca4pbl911792 0aLosy Polski i jej Obywateli w Latach II Wojny Światowej939936 a978-83-8098-199-7 (oprawa twarda) : zł 40,00 2ddccBK_NM c27748d27748 00102ddc40708K_magaBIPbBIPd2020-11-30eD-36/2020fDg40.00i59932l0o59932pIPWK21637r2026-04-24 13:01:36w2026-04-24yBK_NM